RICS Valuation - Global Standards 2017 (Record no. 115890)

MARC details
000 -LEADER
fixed length control field 01163cam a22002415a 4500
001 - CONTROL NUMBER
control field L159427
008 - FIXED-LENGTH DATA ELEMENTS--GENERAL INFORMATION
fixed length control field 170627s2017 xxk f 000 0 eng d
035 ## - SYSTEM CONTROL NUMBER
System control number (Sirsi) u159427
041 0# - LANGUAGE CODE
Language code of text/sound track or separate title eng
110 2# - MAIN ENTRY--CORPORATE NAME
Corporate name or jurisdiction name as entry element Royal Institution of Chartered Surveyors
9 (RLIN) 4900
245 00 - TITLE STATEMENT
Title RICS Valuation - Global Standards 2017
Remainder of title Basis for conclusion
Medium [electronic resource]
260 ## - PUBLICATION, DISTRIBUTION, ETC.
Place of publication, distribution, etc. London
Name of publisher, distributor, etc. RICS
Date of publication, distribution, etc. 2017
490 ## - SERIES STATEMENT
Series statement RICS Red Book
520 ## - SUMMARY, ETC.
Summary, etc. The Basis for Conclusions explains the rationale behind the more significant changes made in the final version of the Red Book 2017 (L159426). Specifically, it addresses the main refinements made in consequence of the responses received to the public consultation. It has been produced purely to assist the reader and does not form part of the standards.
590 ## - LOCAL NOTE (RLIN)
Local note NTK
650 24 - SUBJECT ADDED ENTRY--TOPICAL TERM
Topical term or geographic name entry element RICS VALUATION STANDARDS
650 24 - SUBJECT ADDED ENTRY--TOPICAL TERM
Topical term or geographic name entry element INTERNATIONAL VALUATION STANDARDS 2017
650 24 - SUBJECT ADDED ENTRY--TOPICAL TERM
Topical term or geographic name entry element RED BOOK
651 #4 - SUBJECT ADDED ENTRY--GEOGRAPHIC NAME
Geographic name International
690 ## - LOCAL SUBJECT ADDED ENTRY--TOPICAL TERM (OCLC, RLIN)
Topical term or geographic name as entry element Valuation
9 (RLIN) 6273
856 40 - ELECTRONIC LOCATION AND ACCESS
Uniform Resource Identifier <a href="https://www.isurv.com/downloads/file/7355/archived_rics_valuation_%E2%80%93_global_standards_2017_basis_for_conclusions">https://www.isurv.com/downloads/file/7355/archived_rics_valuation_%E2%80%93_global_standards_2017_basis_for_conclusions</a>
Public note Archived on isurv
942 ## - ADDED ENTRY ELEMENTS (KOHA)
Suppress in OPAC 0
Source of classification or shelving scheme Dewey Decimal Classification
Holdings
Withdrawn status Lost status Source of classification or shelving scheme Damaged status Not for loan Home library Current library Shelving location Date acquired Total Checkouts Full call number Date last seen Copy number Price effective from Koha item type
    Dewey Decimal Classification     Virtual Virtual Online 27/06/2017   isurv 31/12/2024 1 06/08/2019 Online material